| 000 | 00549nam a2200181Ia 4500 | ||
|---|---|---|---|
| 005 | 20250508153154.0 | ||
| 008 | 008 250505s9999 xx 000 0 eng d | ||
| 037 | _aTextual | ||
| 040 |
_aFEDL _beng _cFEDL |
||
| 041 |
_aeng _2eng |
||
| 084 |
_a301.04, COS _qFEDL |
||
| 100 |
_aCoser Lewis A. Ed. _914889 |
||
| 245 | 0 | _aSociology through literature : An introductory reader | |
| 260 |
_aEnglewood Cliffs, New Jersey, USA _bPrentice - Hall _c1963 |
||
| 300 | _avii,407p. | ||
| 942 |
_cTEXL _h301.04, COS |
||
| 999 |
_c1341034 _d1341034 |
||